| 000 | 00753nam a22002770a 4500 | ||
|---|---|---|---|
| 001 | PT13426 | ||
| 003 | AR-LpoUNG | ||
| 005 | 20210131232546.0 | ||
| 008 | 191001s1997||||ag |||||||||||||||||spa d | ||
| 020 |
_a9500106027 _c$9 |
||
| 040 |
_aAR-LpoUNG _bspa _cAR-LpoUNG _eaacr |
||
| 041 | _aspa | ||
| 044 | _aag | ||
| 082 | 0 | _aR403 42dic | |
| 100 | 1 | _aZorrilla de Rodríguez, Alicia María | |
| 245 | 1 | 0 | _aDiccionario de usos correctos de español |
| 250 | _a2§ edición | ||
| 260 |
_aBuenos Aires : _bEstrada, _cjunio de 1997. |
||
| 300 |
_a1221 p. : _bil. |
||
| 650 | 4 | _aLEXICOGRAFIA | |
| 650 | 4 | _aMATERIAL DE REFERENCIA | |
| 650 | 4 | _aTERMINOLOGIA | |
| 700 | 1 | _aOlsen de Serrano Redonnet, María Luisa | |
| 905 | _a13426 | ||
| 942 | _cLSALA | ||
| 999 |
_c16272 _d16272 |
||